00578 a2200205 4500003000500000005001700005020002500022020002500047040000900072082001900081082001900100100002300119245009000142250001100232260004300243300002600286650001300312650001000325651003700335Nust20170207154043.0 a0-415-24072-7 (inb.) a0-415-24073-5 (hft.) cNust a909b.09767101 a909b.097671011 aHawting, Gerald R.04aThe first dynasty of Islam (E-BOOK)bthe Umayyad caliphate AD 661-750 /cG.R. Hawting a2. ed. aLondon ;aNew York :bRoutledge,c2000 axxii, 151 s. ;c23 cm 4aHistoria 4aIslam 0aIslamic EmpirexHistoryy661-750